Library Banner

Scully's handbook of medical problems in dentistry / (Record no. 139873)

MARC details
000 -LEADER
fixed length control field 00477nam a22001697a 4500
005 - DATE AND TIME OF LATEST TRANSACTION
control field 20260224101754.0
008 - FIXED-LENGTH DATA ELEMENTS--GENERAL INFORMATION
fixed length control field 260224b |||||||| |||| 00| 0 eng d
020 ## - INTERNATIONAL STANDARD BOOK NUMBER
International Standard Book Number 9780702046483 (pbk)
040 ## - CATALOGING SOURCE
Transcribing agency PK-LaUMT
082 ## - DEWEY DECIMAL CLASSIFICATION NUMBER
Classification number 617.601
Item number SCU-S
100 ## - MAIN ENTRY--PERSONAL NAME
Personal name Scully, Crispian
245 ## - TITLE STATEMENT
Title Scully's handbook of medical problems in dentistry /
Statement of responsibility, etc by Crispian Scully
260 ## - PUBLICATION, DISTRIBUTION, ETC. (IMPRINT)
Place of publication, distribution, etc Edinburgh :
Name of publisher, distributor, etc Elsevier,
Date of publication, distribution, etc 2016
300 ## - PHYSICAL DESCRIPTION
Extent 469 p.
650 ## - SUBJECT ADDED ENTRY--TOPICAL TERM
Topical term or geographic name as entry element Dentisty
942 ## - ADDED ENTRY ELEMENTS (KOHA)
Koha item type Books
Holdings
Withdrawn status Lost status Damaged status Home library Current library Date acquired Full call number Barcode Date last seen Price effective from Koha item type Copy number
      UMT Health Sciences Campus UMT Health Sciences Campus 2026-02-24 617.601 SCU-S 152017 2026-02-24 2026-02-24 Books  
      UMT Health Sciences Campus UMT Health Sciences Campus 2026-03-05 617.601 SCU-S 152137 2026-03-05 2026-03-05 Books C.2